Statistiques concernant Culture Générale - Série 162

Cliquez ici pour prendre le quiz!

Statistiques générales

  • Ce quiz a été pris 240 fois
  • Le résultat moyen est 6 sur 10

Statistiques - réponses

QuestionRéponse% Correct
Quel élément chimique est symbolisé par les lettres "Mg" ?Magnésium
90%
Sur un téléphone portable, quel chiffre est associé aux lettres JKL ?5
85%
Que réalise un footballeur qui passe la balle entre les jambes adverses ?Un petit pont
85%
Dans quel massif montagneux se situe le col du Tourmalet ?Pyrénées
83%
Quel producteur était célèbre pour ses fêtes blanches à Saint-Tropez ?Eddie Barclay
52%
En pilotant quel véhicule Cyril Neveu a-t-il gagné le Dakar à 5 reprises ?Moto
52%
De quel comédien François Mitterrand était-il le beau-frère ?Roger Hanin
48%
Quel journal avait pour slogan : "Le journal des jeunes de 7 à 77 ans" ?Tintin
26%
Quelle était la monnaie de l'Autriche avant le passage à l'euro ?Schilling
21%
A quel comique doit-on le sketch "Les Grands Moments de solitude" ?Jean-Marie Bigard
16%

Distribution des résultats

Percentile par nombre de réponses

% des personnes avec chaque résultat

Votre développement - résultats

Vous n’avez pas pris ce quiz